LEADER 00870nam0-22003251i-450- 001 990008032030403321 005 20050329123029.0 035 $a000803203 035 $aFED01000803203 035 $a(Aleph)000803203FED01 035 $a000803203 100 $a20050329d1973----km-y0itay50------ba 101 0 $aita 102 $aIT 105 $ay-------001yy 200 1 $aPrimavera silenziosa$fRachel Carson 205 $a2. ed 210 $aMilano$cFeltrinelli$d1973 215 $a316 p.$d18 cm 225 1 $aUniversale economica 300 $aTrad. di C. A. Gastecchi. Note e bibliogr. di A. Servadei 676 $v11 rid.$a354.5$zita 700 1$aCarson,$bRachel$072677 801 0$aIT$bUNINA$gRICA$2UNIMARC 901 $aBK 912 $a990008032030403321 952 $aVI D 58$b1180$fDDA 959 $aDDA 996 $aSilent spring$919384 997 $aUNINA LEADER 02022nam0 2200409 i 450 001 VAN0086016 005 20221121095358.762 010 $a978-04-86414-48-5 100 $a20111109d2000 |0itac50 ba 101 $aeng 102 $aUS 105 $a|||| ||||| 200 1 $aCalculus of variations$fI. M. Gelfand, S. V. Fomin, translated and edited by Richard A. Silverman 210 $aMineola$cDover$d2000 215 $aVII, 232 p.$d22 cm. 410 1$1001VAN0024322$12001 $aDover books on mathematics$1210 $aNew York$cDover 606 $a49-XX$xCalculus of variations and optimal control; optimization [MSC 2020]$3VANC019757$2MF 620 $aUS$dMineola$3VANL001208 700 1$aGelfand$bIzrail M.$f1913-2009$3VANV030310$041184 701 1$aFomin$bSergej V.$f1917-1975$3VANV030271$012933 702 1$aSilverman$bRichard A.$3VANV019904 712 $aDover$3VANV108158$4650 790 1$aGelfand, Izrail Moiseevich$zGelfand, Izrail M. <1913-2009>$3VANV043808 790 1$aGelfand, I.M.$zGelfand, Izrail M. <1913-2009>$3VANV062622 790 1$aGelfand, I. M.$zGelfand, Izrail M. <1913-2009>$3VANV062623 790 1$aGelfand, Israel M.$zGelfand, Izrail M. <1913-2009>$3VANV204667 790 1$aFomin, Sergej Vasilevic$zFomin, Sergej V. <1917-1975>$3VANV019905 790 1$aFomin, S. V.$zFomin, Sergej V. <1917-1975>$3VANV060357 790 1$aFomin, S.V.$zFomin, Sergej V. <1917-1975>$3VANV060358 790 1$aSilverman, Richard Allan$zSilverman, Richard A.$3VANV040221 801 $aIT$bSOL$c20221125$gRICA 856 4 $u/sebina/repository/catalogazione/documenti/Gelfand, Fomin - Calculus of variations.PDF$zGelfand, Fomin - Calculus of variations.PDF 899 $aBIBLIOTECA DEL DIPARTIMENTO DI MATEMATICA E FISICA$1IT-CE0120$2VAN08 912 $aVAN0086016 950 $aBIBLIOTECA DEL DIPARTIMENTO DI MATEMATICA E FISICA$d08PREST 49-XX 1562 $e08 9135 I 20111109 996 $aCalculus of variations$9959327 997 $aUNISOB